000257227 001__ 257227 000257227 005__ 20260412040123.0 000257227 0247_ $$aG:(GEPRIS)566263241$$d566263241 000257227 035__ $$aG:(GEPRIS)566263241 000257227 040__ $$aGEPRIS$$chttp://gepris.its.kfa-juelich.de 000257227 150__ $$aWie breit ist das Higgs? Überwindung von Grenzen bei der Messung der Zerfallsrate des Higgs-Bosons$$y2026 - 000257227 371__ $$aDr. Martina Laura Ojeda 000257227 450__ $$aDFG project G:(GEPRIS)566263241$$wd$$y2026 - 000257227 5101_ $$0I:(DE-588b)2007744-0$$aDeutsche Forschungsgemeinschaft$$bDFG 000257227 680__ $$a 000257227 909CO $$ooai:juser.fz-juelich.de:1056128$$pauthority:GRANT$$pauthority 000257227 909CO $$ooai:juser.fz-juelich.de:1056128 000257227 980__ $$aG 000257227 980__ $$aAUTHORITY
